Logo BPK

Biblioteka

Politechniki Koszalińskiej

Poradnik analityka wartości / (Rekord nr 22095)

Szczegóły MARC
000 -ETYKIETA REKORDU
podpole kontrolne o stałej długości 00362nam a2200145 i 4500
001 - NUMER KONTROLNY REKORDU
pole kontrolne bg
040 ## - ŹRÓDŁO KATALOGOWANIA
Instytucja, która utworzyła rekord BPK
041 ## - KOD JĘZYKA
Kod języka tekstu pol
008 - POLE O STAŁEJ DŁUGOŚCI - DANE KONTROLNE
podpole kontrolne o stałej długości s pl f |000 0 pol
100 1# - NAZWA OSOBOWA
Nazwa osobowa RZECZKOWSKI, M.
245 #0 - TYTUŁ/ODPOWIEDZIALNOŚĆ
Tytuł Poradnik analityka wartości /
Pozostałe elementy strefy tytułu i oznaczenia odpowiedzialności M. Rzeczkowski, T. Zaborowski.
260 ## - STREFA ADRESU WYDAWNICZEGO
Miejsce wydania Gorzów Wlkp.,
Data publikacji, dystrybucji/powstania dokumentu 1981.
700 1# - HASŁO DODATKOWE - NAZWA OSOBOWA
Nazwa osobowa ZABOROWSKI, T.
856 ## - LOKALIZACJA I DOSTĘP DO ELEKTRONICZNYCH DOKUMENTÓW ZDALNYCH
Link (URL) http://koha.tu.koszalin.pl/cgi-bin/koha/opac-detail.pl?biblionumber=22095
Tekst linku Katalog online BPK
942 ## - DODATKOWE ELEMENTY (KOHA)
Typ dokumentu Książka
Egzemplarze
Wycofany Status egzemplarza Uszkodzony Dostępność Lokalizacja stała Lokalizacja bieżąca Miejsce przechowywania Sygnatura Kod kreskowy Typ dokumentu
      Dostępny Biblioteka Politechniki Koszalińskiej Biblioteka Politechniki Koszalińskiej Wypożyczalnia BG 31049 01564884 Książka
© 2023 Biblioteka Politechniki Koszalińskiej :: KOHA